000 00604nam a2200193 a 4500
001 000010933
005 20240412074221.0
008 091013s1991 dr 000 p spa d
040 _aDO-SdBNP
_bspa
_cBNPHU
082 _aRD861.44
_bV732p
100 1 _aVillegas, Víctor,
_d1924-
_97800
245 1 0 _aPoco tiempo después :
_bpoemas /
_cVíctor Villegas.
260 _aSanto Domingo :
_bAlfa y Omega,
_c1991.
300 _a133 p. ;
_c21 cm.
590 _aInventariado, 2019 / DG
650 0 _aPoesía dominicana
_966
650 0 _aLiteratura dominicana.
_967
910 _aValidado. Control de calidad BNPHU
999 _c10671
_d10671